Capitalist world economy (Record no. 31380)
[ view plain ]
| 000 -LEADER | |
|---|---|
| fixed length control field | 00361nam a2200133Ia 4500 |
| 082 ## - DEWEY DECIMAL CLASSIFICATION NUMBER | |
| Classification number | 330.342.14 |
| Item number | WAL |
| 100 ## - MAIN ENTRY--AUTHOR NAME | |
| Personal name | WALLERSTEIN, Immanuel |
| 245 #0 - TITLE STATEMENT | |
| Title | Capitalist world economy |
| 260 ## - PUBLICATION, DISTRIBUTION, ETC. (IMPRINT) | |
| Place of publication | London |
| Name of publisher | Cambridge University |
| Year of publication | 1979 |
| 490 ## - SERIES STATEMENT | |
| Series statement | Studies in modern capitalism |
| 650 ## - SUBJECT ADDED ENTRY--TOPICAL TERM | |
| Topical Term | Capitalism |
| 942 ## - ADDED ENTRY ELEMENTS (KOHA) | |
| Koha item type | Books |
| Withdrawn status | Lost status | Damaged status | Not for loan | Home library | Current library | Date acquired | Full call number | Accession Number | Koha item type |
|---|---|---|---|---|---|---|---|---|---|
| RRII Library | RRII Library | 16/12/2021 | 330.342.14 WAL | 11926 | Books |